Statistics for Best British TV sitcoms ever

Click here to take the quiz!

General Stats

  • This quiz has been taken 252 times
  • The average score is 9 of 13

Answer Stats

HintAnswer% Correct
Hotel where nothing quite goes rightFawlty Towers
97%
Pseudo-historical antihero with baldrickBlackadder
92%
Peckham traders Del Boy, Rodney and GrandadOnly Fools and Horses
91%
Female priest in OxfordshireThe Vicar of Dibley
86%
Three priests on Craggy islandFather Ted
83%
Alcoholic Edina and Patsy trying to stay youngAbsolutely Fabulous
80%
Mrs Bucket trying to prove social superiorityKeeping Up Appearances
73%
Lister and Rimmer lost in spaceRed Dwarf
71%
The trials of working in a department storeAre you being served?
67%
Surreal sketch comedy 1969-1974Monty Python’s Flying Circus
61%
Wernham Hogg Paper Company workersThe Office
61%
Clumsy child in man’s body who rarely speaksMr Bean
43%
Reynholm Industries Roy, Jen and MauriceThe IT crowd
40%

Score Distribution

Percentile by Number Answered

Percent of People with Each Score

Your Score History

You have not taken this quiz